000 00332nam a2200109Ia 4500
008 171204s9999 xx 000 0 und d
245 _aVideogames Hardware Handbook Volume 2:
245 _cImagine Publishing
260 _c2016
650 _xVIDEO PRODUCTION AND DIRECTION
856 _uhttp://down.ebook777.com/031/978-1906078744.pdf
999 _c346209
_d346209